Vista normal
Vista MARC
Entrada Personal Name
Número de registros utilizados en: 2
001 - CONTROL NUMBER
- control field: 63019
003 - CONTROL NUMBER IDENTIFIER
- control field: OSt
005 - DATE AND TIME OF LATEST TRANSACTION
- control field: 20250821214533.0
008 - FIXED-LENGTH DATA ELEMENTS
- fixed length control field: 250821|| aca||aabn | a|a d
040 ## - CATALOGING SOURCE
- Original cataloging agency: OSt
- Transcribing agency: OSt
100 ## - HEADING--PERSONAL NAME
- Personal name: Peña, Mónica
670 ## - SOURCE DATA FOUND
- Source citation: Work cat.: (OSt)58365: Ballesteros, Adriana, 1963- 63017, El reino sucio y viceversa /